Forensic chemistry: Basic principles (Record no. 394432)

MARC details
000 -LEADER
fixed length control field 00495 a2200193 4500
005 - DATE & TIME
control field 20260116160414.0
008 - FIXED-LENGTH DATA ELEMENTS--GENERAL INFORMATION
fixed length control field 260116b |||||||| |||| 00| 0 eng d
020 ## - ISBN
International Standard Book Number 9781835350553
Price £ 155.00
040 ## - CATALOGING SOURCE
Original cataloging agency VIVEKANANDA LIBRARY
082 ## - DDC NUMBER
Classification number 363.25
Book Number C334F
100 ## - MAIN ENTRY--PERSONAL NAME
Personal name Ceraudo M
245 ## - TITLE STATEMENT
Title Forensic chemistry: Basic principles
260 ## - PUBLICATION, DISTRIBUTION, ETC. (IMPRINT)
Name of publisher, distributor, etc ED-Tech Press
Date of publication, distribution, etc 2025
Place of publication, distribution, etc London
300 ## - PHYSICAL DESCRIPTION
Pages x, 288
650 ## - Subject
Subject Forensic Science
650 ## - Subject
Subject Toxicology
650 ## - Subject
Subject Criminal Investigation
942 ## - ADDED ENTRY ELEMENTS (KOHA)
Koha item type Books
Holdings
Withdrawn status Lost status Source of classification or shelving scheme Damaged status Not for loan Location (home branch) Sublocation or collection (holding branch) Shelving location Date acquired Koha issues (times borrowed) Koha full call number Accession No. Koha date last seen Koha item type
    Dewey Decimal Classification     VIVEKANANDA LIBRARY VIVEKANANDA LIBRARY Vivekananda Library 24/12/2025   363.25 C334F 443816 24/12/2025 Books
© Designed and Maintained by Vivekananda Library, MDU Rohtak